000 01067nam a2200265 a 4500
001 000014306
003 DO-SdBNP
005 20250113131851.0
008 091209s1976 dr 001 0 spa d
040 _aDO-SdBNP
_bspa
_cBNPHU
082 _a343.04
_bR426L, 1976
110 1 _aRepública Dominicana.
_bSecretaría de Estado de Finanzas.
_932264
245 1 0 _aLegislación económico tributaria :
_baño 1975.
260 _aSanto Domingo :
_bSecretariado Técnico de la Presidencia,
_c1976.
300 _a249 p. :
_bil. ;
_c28 cm.
590 _aInventariado,2018/VM
650 4 _aDerecho fiscal
_zRepública Dominicana
_98288
650 0 _aProcedimiento tributario
_98289
650 4 _aImpuestos
_xAdministración
_zRepública Dominicana
_98290
650 4 _aDerecho administrativo
_zRepública Dominicana
_91203
710 2 _aOrganización de los Estados Americanos
_917918
710 1 _aRepública Dominicana.
_bSecretariado Técnico de la Presidencia.
_bOficina Nacional de Presupuesto.
_932266
910 _aValidado. Control de calidad EMS
942 _2ddc
_cLBS1
999 _c13902
_d13902